000 00369nam a22001577a 4500
003 MPLRDC
005 20220104123308.0
008 210129b ||||| |||| 00| 0 eng d
082 _a848.1 LYC-5 c.2
100 _a刘以鬯著
245 _a陶瓷
_c
260 _a
_b香港文学研究社
_c
300 _b
650 _a现代别集
942 _cBK
_o848.1 LYC-5 c.2
999 _c10153
_d10143